| 000 | 00903nas a2200253Ia 4500 | ||
|---|---|---|---|
| 001 | R107/44487 | ||
| 003 | IT-RoPAU | ||
| 008 | 151124c99999999xx |||||||||||| ||und|| | ||
| 040 | _aIT-RoPAU | ||
| 040 | _cIT-RoPAU | ||
| 041 | _aFRANCESE | ||
| 100 |
_aFourastie' Jean _gCodice Aut. SPICS: 6492 |
||
| 210 | _aCOMMUNICATION ET LANGAGES | ||
| 222 | _aCommunication Et Langages | ||
| 245 |
_aCOMMUNICATION ET LANGAGES, N.15 (1972) _bPour Une Education Permanente |
||
| 250 | _a1a ed. | ||
| 260 |
_aPARIS _bRETZ/CEPL _c1972 |
||
| 501 |
_bPaulus - SPICS - Società San Paolo EM (non-commercial uses only) _cCopyright2015 |
||
| 300 | _a7 p. [17-23] | ||
| 362 | _aN.15 (1972) | ||
| 500 | _aPer-Una-Educazione-Permanente Crisi-Dell'Insegnamento-Tradizionale Insegnamento-E-Realtà Diritto-Al-Sogno-E-Alla-Riflessione | ||
| 650 |
_aCOMUNICAZIONE - LINGUAGGIO _vPUBBLICAZIONE PERIODICA |
||
| 942 | _cCR | ||
| 999 |
_c196295 _d196295 |
||